Evo y la insurgencia del movimiento popular boliviano /

保存先:
書誌詳細
第一著者: Contreras Baspineiro, Alex
フォーマット: テキスト
主題:
タグ: タグ追加
タグなし, このレコードへの初めてのタグを付けませんか!

MARC

LEADER 00000 a a2200000 04500
001 749
003
040
100 |a Contreras Baspineiro, Alex  
245 |a Evo y la insurgencia del movimiento popular boliviano /  |c Contreras Alex Baspineiro 
500 |a Incluye una breve historia de Evo Morales Ayma  
650 |a COMPORTAMIENTO POLITICO  
650 |a GRUPOS POPULARES  
650 |a BOLIVIA  
773 |g volumen 26, número 356; páginas 3-4  
999 |c 33279  |d 33279